| 000 | 01163naa a2200325 c 4500 | ||
|---|---|---|---|
| 001 | 38862 | ||
| 003 | ES-MaCES | ||
| 005 | 20090525143900.0 | ||
| 008 | 090525n2009 sp t 000 | spa d | ||
| 035 | _aCES20090003058v | ||
| 040 |
_aES-MaCES _bspa _cES-MaCES |
||
| 100 | 1 |
_aSols Lucia, José _924265 |
|
| 245 | 1 | 0 |
_aMedio siglo de Economía social de mercado _cJosé Sols Lucia, Albert Florensa Giménez y Marta Camprodón Rosanas |
| 650 | 4 |
_aEspaña _926964 |
|
| 650 | 4 |
_alibertad de pensamiento _929882 |
|
| 650 | 4 |
_asistema de valores _929392 |
|
| 650 | 4 |
_apolítica social _927029 |
|
| 650 | 4 |
_aeconomía del bienestar _929849 |
|
| 650 | 4 |
_apolítica económica _927025 |
|
| 650 | 4 |
_asistema económico _927123 |
|
| 650 | 4 |
_acapitalismo _927116 |
|
| 650 | 4 |
_aeconomía social _930379 |
|
| 653 | 1 | 0 | _aEconomía |
| 700 | 1 |
_aCampodón Rosanas, Marta _98836 |
|
| 700 | 1 |
_aFlorensa Giménez, Albert _912189 |
|
| 773 | 0 |
_tRevista de fomento social _gvol. 64, n. 253 (en.-marzo 2009){10465 R. 074061}; p. 79-130 _w(ES-MaCES)25471 _960222 |
|
| 902 | _aART Artículo de revista | ||
| 942 |
_2CES _cAR _h0.0. |
||
| 999 |
_c38862 _d38862 |
||